| 000 | 00655nam a22002297a 4500 | ||
|---|---|---|---|
| 999 |
_c12833 _d12833 |
||
| 005 | 20190610053328.0 | ||
| 008 | 190610b xxu||||| |||| 00| 0 eng d | ||
| 017 | _a980-265-258-X | ||
| 020 | _a980-265-258-X | ||
| 040 |
_aFevp _cFevp |
||
| 041 | _aspa | ||
| 082 |
_a987.063 _bP418e |
||
| 099 |
_a987.063 _bP418e _c1986 |
||
| 100 | _aCongreso de la República | ||
| 245 |
_aEl pensamiento político venezolano del siglo XX. Indices _bGobierno y época del presidente Lopez Contreras |
||
| 260 | _aCaracas | ||
| 300 |
_a340p. _c15x22cm |
||
| 490 | _atomo VII-Vol.Ial XVI. N°17-32 | ||
| 500 | _aImpreso | ||
| 650 | _aVenezuela | ||
| 942 |
_2lcc _cLIB |
||